书目信息 |
| 书名: | International business negotiation and contract encyclopedia of terms and conditions | |
| 作者: | ||
| 分册号: | ||
| 分册名: | 出版地: | Tokyo : |
|
| 出版社: | International Business Practices Education Center | |
| 出版时间: | 1982. | |
| 页数: | 410 p. ; | |
| 开本: | 25 cm. | |
| 丛书名: | ||
| 中图分类号: | ||
| 科图分类号: | ||
| 其他分类号: | F4-61 | |
| 主题词: | ||
| 电子资源: | ||
| 000 | 00715nam 2200205 a 4500 | |
| 001 | E0730221280 | |
| 005 | 20070228082351.34 | |
| 008 | 001 0 eng | |
| 008 | uu | |
| 040 | @aNLC | |
| 049 | @aN5LA | |
| 090 | @a2G-86/D997.1/-61/I61//////////*974973-74/ 2cop. | |
| 090 | @aF4-61 | |
| 096 | @aD997.1-61 @v2 | |
| 099 | @dF4-61@ex1 | |
| 245 | 00 | @aInternational business negotiation and contract encyclopedia of terms and conditions |
| 260 | @aTokyo :@bInternational Business Practices Education Center,@c1982. | |
| 300 | @a410 p. ;@c25 cm. | |
| 710 | 2 | @aInternational Business Practices Education Center. @b00 @c20020930 @lNLC09 @h2246 @lNLC09 @h2300 @lNLC09 @h1851 |
| 852 | 9 | @bWWJC @cJ09 @k2G-86 @hD997.1-61 @iI61 |
| International business negotiation and contract encyclopedia of terms and conditions.-Tokyo : : International Business Practices Education Center, , 1982. |
| 410 p. ; ; 25 cm. |
| ISBN |
| ● |
| 相关链接 |
|
|
|
|
正题名:International business negotiation and contract encyclopedia of terms and conditions
索取号:F4-61/x1
 
预约/预借
| 序号 | 登录号 | 条形码 | 馆藏地/架位号 | 状态 | 备注 |
| 1 | 181103 | 001170672 | 第四借阅区/ [索取号:F4-61/x1] | 在馆 | |
| 2 | 181104 | 001177666 | 第二样本阅览室/ [索取号:F4-61/x1] | 在馆 |